Papel Alpha/ (Record no. 3811)

MARC details
000 -LEADER
campo de control de longitud fija 01341nam a22003497a 4500
003 - IDENTIFICADOR DE NÚMERO DE CONTROL
campo de control OSt
005 - FECHA Y HORA DE LA ÚLTIMA TRANSACCIÓN
campo de control 20230607131418.0
008 - DATOS DE LONGITUD FIJA--INFORMACIÓN GENERAL
campo de control de longitud fija 221006b |||||||| |||| 00| 0 eng d
040 ## - FUENTE DE CATALOGACIÓN
Centro/agencia transcriptor Biblioteca Lado V
082 ## - NÚMERO DE LA CLASIFICACIÓN DECIMAL DEWEY
Número de clasificación 779
Número de ítem E96p
100 ## - ENTRADA PRINCIPAL--NOMBRE DE PERSONA
9 (RLIN) 536
Nombre de persona Exposito, Alberto Martin
Término indicativo de función/relación director
245 ## - MENCIÓN DEL TÍTULO
Título Papel Alpha/
Resto del título Cuadernos de fotografia/
260 ## - PUBLICACIÓN, DISTRIBUCIÓN, ETC.
Lugar de publicación, distribución, etc. Ediciones Universidad de Salamanca
Fecha de publicación, distribución, etc. 1997
Nombre del editor, distribuidor, etc. España
300 ## - DESCRIPCIÓN FÍSICA
Dimensiones 17x24cm
Extensión 180p.
366 ## - INFORMACIÓN SOBRE DISPONIBILIDAD COMERCIAL
Nota spa
490 ## - MENCIÓN DE SERIE
Mención de serie 3
Designación de volumen o secuencia 1997
Número Internacional Normalizado para Publicaciones Seriadas 1136 4831
505 ## - NOTA DE CONTENIDO CON FORMATO
Título Lo que no puede ser visto
505 ## - NOTA DE CONTENIDO CON FORMATO
Título Bernd y Hilla Becher o la fotografía monumentaria
505 ## - NOTA DE CONTENIDO CON FORMATO
Título La fotografía europea en una época de ansiedad
505 ## - NOTA DE CONTENIDO CON FORMATO
Título Fuera de los Limites
505 ## - NOTA DE CONTENIDO CON FORMATO
Título El inconsciente virtual en la post-fotografia
505 ## - NOTA DE CONTENIDO CON FORMATO
Título La fotografía como vector de la experiencia
505 ## - NOTA DE CONTENIDO CON FORMATO
Título Dirk Braeckman
505 ## - NOTA DE CONTENIDO CON FORMATO
Título Por que los bogavantes son mas bellos cuando están cocidos. Fotografía y Literatura
505 ## - NOTA DE CONTENIDO CON FORMATO
Título ENGLISH TRANSLATION
650 ## - PUNTO DE ACCESO ADICIONAL DE MATERIA--TÉRMINO DE MATERIA
Fuente del encabezamiento o término Tesauro de Arte & Arquitectura
Término de materia o nombre geográfico como elemento de entrada ARTE
9 (RLIN) 703
650 ## - PUNTO DE ACCESO ADICIONAL DE MATERIA--TÉRMINO DE MATERIA
Fuente del encabezamiento o término Tesauro de Arte & Arquitectura
Término de materia o nombre geográfico como elemento de entrada FOTOGRAFIA
9 (RLIN) 702
650 ## - PUNTO DE ACCESO ADICIONAL DE MATERIA--TÉRMINO DE MATERIA
Fuente del encabezamiento o término Tesauro de Arte & Arquitectura
Término de materia o nombre geográfico como elemento de entrada IMAGENES
9 (RLIN) 702
650 ## - PUNTO DE ACCESO ADICIONAL DE MATERIA--TÉRMINO DE MATERIA
Fuente del encabezamiento o término Tesauro de Arte & Arquitectura
Término de materia o nombre geográfico como elemento de entrada ARTE CONTEMPORANEO
700 ## - ENTRADA AGREGADA--NOMBRE PERSONAL
Nombre de persona Navarreta, Jose Antonio
Término indicativo de función/relación editor
942 ## - ELEMENTOS DE ENTRADA SECUNDARIOS (KOHA)
Fuente del sistema de clasificación o colocación Clasificación Decimal Dewey
Tipo de ítem Koha Libros
Parte de la signatura que corresponde a la clasificación (Parte de la clasificación) 779
Parte de la signatura que identifica el ejemplar (Parte del ítem) E96p
Suprimir en OPAC No
Holdings
Estatus retirado Estado de pérdida Fuente del sistema de clasificación o colocación Especificación de materiales (volumen encuadernado u otra parte) Estado de daño No para préstamo Colección Biblioteca de origen Biblioteca actual Fecha de adquisición Enumeración/cronología de publicación seriada Número de inventario Total de préstamos Signatura topográfica completa Código de barras Visto por última vez Precio de reemplazo Tipo de ítem Koha
    Clasificación Decimal Dewey 1997     Revistas Biblioteca LadoV Biblioteca LadoV 07/06/2023 3 003143   779 E96p 003143 07/06/2023 07/06/2023 Libros